Statistics for Largest Non-Capital Cities: Latin America

Click here to take the quiz!

General Stats

  • This quiz has been taken 57 times
  • The average score is 7 of 10

Answer Stats

CountryAnswer% Correct
MéxicoGuadalajara
96%
ColombiaMedellín
94%
BrasilSão Paulo
94%
EcuadorGuayaquil
92%
VenezuelaMaracaibo
82%
ArgentinaCórdoba
78%
CubaSantiago
66%
BoliviaSanta Cruz
62%
PerúArequipa
44%
ChileConcepción
34%

Score Distribution

Percentile by Number Answered

Percent of People with Each Score

Your Score History

You have not taken this quiz